MDQL
is popping MORE tags! Check the
thread
!
Quizzes
Events
Quiz Creation
Community
Videos
Private Events
Remove Ads
Sign In
Join for FREE
Feedback
Dark Mode
Quiz Categories
Sports
Geography
Music
Movies
Television
Just For Fun
Miscellaneous
History
Literature
Language
Science
Gaming
Entertainment
Religion
Holiday
For Kids
Quiz Lab
Recent
Popular Today
Quiz Kudos Today
Editor Picks
Curator Picks
Quizzes by...
Day
Popularity
Type
Ratings
Length
Year
Community
Subscriptions
Recent Discussions
Orange Saloon
Badges
Playlists
Quests
Create
Leaderboards
Showdown
Live 5
Trivia Bingo
Activity
Puzzle Library
Sporcle Events
Private Events
Virtual Trivia
Globe League
Become a Host
Pub Owners
SporcleCon
Opinionation
Our Games
Videos
Blog
Mobile Apps
Partnerships
Remove Ads and Go Orange
Feedback
Geography
Country
Landmarks
City
State
Population
World
Capital
Continent
Flags
Europe
Africa
Asia
South America
North America
Oceania
Border
Canada
United Kingdom
Topography
United States
Geography
Country
Landmarks
City
State
Population
World
Capital
Continent
Flags
Europe
Africa
Asia
South America
North America
Oceania
Border
Canada
United Kingdom
Topography
United States
Random Quiz
Search Sporcle
×
Quiz Lab
Quiz Lab
Geography
counties
Type in answers that appear in a list
Type in answers that appear in a list
Classic
Best Score? Go Orange.
New York State County Seats Stats
Can you name the 57 county seats in New York State?
By
client_69
12m
57 Questions
481 Plays
481 Plays
481 Plays
Comments
Comments
Give Quiz Kudos
Give Quiz Kudos
-
- Ratings
hide this ad
More Info
Replay
Link that replays current quiz
Next Quiz
Link to next quiz in quiz playlist
You Got
0%
They Got
Avg Score
70%
Avg Friend Score
Upgrade to see
Score Distribution
Jump to the score distribution portion of the page
Score
0/57
Timer
12:00
0
Plays Today
County
% Correct
Albany
Albany
98.8%
Erie
Buffalo
97.3%
Onondaga
Syracuse
95.8%
Monroe
Rochester
95.6%
Broome
Binghamton
92.7%
Schenectady
Schenectady
92.3%
Oneida
Utica
89%
Oswego
Oswego
88.5%
Cortland
Cortland
87.9%
Tompkins
Ithaca
86.5%
Dutchess
Poughkeepsie
85.6%
Rensselaer
Troy
85.6%
Westchester
White Plains
83.1%
Jefferson
Watertown
82.9%
Chemung
Elmira
82.5%
Clinton
Plattsburgh
81%
Herkimer
Herkimer
78.8%
Ulster
Kingston
74%
Schoharie
Schoharie
73.3%
Livingston
Geneseo
72.9%
Cayuga
Auburn
72.3%
Columbia
Hudson
71.5%
Genesee
Batavia
70.4%
Otsego
Cooperstown
69%
Schuyler
Watkins Glen
68.3%
Yates
Penn Yan
67.7%
Delaware
Delhi
67.5%
Nassau
Mineola
66.9%
Niagara
Lockport
66.7%
County
% Correct
Rockland
New City
66.3%
St. Lawrence
Canton
66.3%
Tioga
Owego
65.8%
Ontario
Canandaigua
65.6%
Saratoga
Ballston Spa
65.6%
Greene
Catskill
65%
Franklin
Malone
64.2%
Steuben
Bath
64.2%
Suffolk
Riverhead
64.2%
Sullivan
Monticello
63.1%
Orange
Goshen
62.1%
Chenango
Norwich
60.4%
Montgomery
Fonda
60.2%
Lewis
Lowville
60%
Essex
Elizabethtown
59.8%
Warren
Queensbury
59.4%
Putnam
Carmel
59.2%
Fulton
Johnstown
58.8%
Wyoming
Warsaw
58.5%
Orleans
Albion
58.1%
Seneca
Ovid/Waterloo
58.1%
Wayne
Lyons
57.5%
Madison
Wampsville
56.5%
Hamilton
Lake Pleasant
56%
Washington
Fort Edward
54.4%
Chautauqua
Mayville
54.2%
Allegany
Belmont
53.3%
Cattaraugus
Little Valley
52.7%
Quiz Playlist
Details
Report
Send in Message
Add To Playlist
More Info:
Note: The five counties which comprise the five boroughs of New York City have a consolidated city government, and thus no county seats.
Classic:
Type in answers that appear in a list
Quiz Source
Last Updated: Feb 16, 2017
Quiz Scoreboard
CHALLENGE
Sign Up to Join the Scoreboard
Show All
Scores
Hide
Comments
May contain spoilers
Recently Published
Holiday 10x10 Sorting Gallery
by lukepisani3
Holiday
15m
Two Season TV Shows II
by 123Four
Television
10m
Image Sorting: Flags VI
by Barbecue
Geography
2m
More to Explore
Quiz From the Vault
Featured Blog Post
14 Easter Pick-up Lines to Find Eggs With
hide this ad
You Might Also Like...
Tags
counties
County Seats
New York
Today's Top Quizzes in Geography
Browse Geography
hide this ad
Today's Top Quizzes in counties
Browse counties
Top Contributed Quizzes in Geography
1
Colored Red Europe Blitz I
2
Countries of the World - No Outlines Minefield
3
Colored Red Africa Blitz II
4
Colored Red Europe Blitz II
5
Colored Red Europe Blitz III
6
Colored Red Africa Blitz III
7
Colored Red States Blitz I
8
Colored Red States Blitz II
9
A Different View: World Oceans
10
Colored Red States Blitz III
Explore More
Trending Topics
NBA
Crossword
Kpop
Marvel
Anime
Harry Potter
Disney
Song
NFL
Soccer
WWE
Puzzle
The Office
Pokémon
Country
hide this ad
More By:
client_69
Quiz
Plays
Rating
Category
Featured
Created
New York State County Seats
481
4.75
Geography
May 22, 2011
NFL Broadcasters since the merger
126
3.50
Sports
Dec 23, 2012
New York State Thruway Travel Plazas
119
Geography
Nov 28, 2012
Municipalities in Albany County, New York (Map Quiz)
117
2.83
Geography
Oct 16, 2012
AHL teams of New York State: Past and Present
89
5.00
Sports
Oct 15, 2012
Go to Creator's Profile
Score Distribution
Quiz Creator Spotlight
client_69
Follow
Send a Message
Quizzes Created
-
Created Quiz Play Count
-
More By This Creator
Popular Quizzes Today
1
Find the US States - No Outlines Minefield
2
Colored Red Africa Blitz
3
Find the 'City' Movie
4
The Countries of the World
5
5x2 Blitz: Bands
6
Find the Countries of Europe - No Outlines Minefield
7
Find the US States
8
US States
More Geography Quizzes
Clickable Chinese Borders by Length
Published
Trending Quizzes
Colored Red Europe Blitz I
Colored Red Africa Blitz II
Colored Red Europe Blitz II
Even More Two Season TV Shows
Colored Red Africa Blitz III
Recently Updated
Quick Pick: 20 Twenties
pecheneg
March Madness Men's Triple Doubles
pecheneg
How Do You Spell That?
pecheneg
Godzilla Movies
pecheneg
Grab Bag: 4-10 Letters
pecheneg
2024 March Madness Bracket
pecheneg
Famous TV Couples
Peacemaker
Champions League XIs: Real Madrid
pecheneg
Largest US Cities 1790-2010
pecheneg
Rides in Walt Disney World
pecheneg
Trending Topics
Harry Potter
Crossword
Disney
NBA
Marvel
Kpop
Anime
WWE
Song
Soccer
Pokémon
The Office
NFL
Puzzle
Country
Your Account Isn't Verified!
In order to create a playlist on Sporcle, you need to verify the email address you used during registration. Go to your
Sporcle Settings
to finish the process.
Report this User
Report this user for behavior that violates our
Community Guidelines
.
Details:
Send Report
Go to the Sporcle.com Mobile Site →
Comments